Smith and Thomas: A Casebook on Contract (Record no. 15707)

MARC details
000 -LEADER
fixed length control field 00479nam a22001577a 4500
008 - FIXED-LENGTH DATA ELEMENTS--GENERAL INFORMATION
fixed length control field 160219b xxu||||| |||| 00| 0 eng d
020 ## - INTERNATIONAL STANDARD BOOK NUMBER
International Standard Book Number 0414035324
040 ## - CATALOGING SOURCE
Original cataloging agency KABU
Transcribing agency KABU
100 ## - MAIN ENTRY--PERSONAL NAME
Personal name Brownsword, Rogers
245 ## - TITLE STATEMENT
Title Smith and Thomas: A Casebook on Contract
Statement of responsibility, etc. Roger Brownsword
250 ## - EDITION STATEMENT
Edition statement 13th ed.
260 ## - PUBLICATION, DISTRIBUTION, ETC. (IMPRINT)
Place of publication, distribution, etc. UK
Name of publisher, distributor, etc. Thomson Reuters
Date of publication, distribution, etc. 2015
300 ## - PHYSICAL DESCRIPTION
Extent xlix, 1002p.
650 ## - SUBJECT ADDED ENTRY--TOPICAL TERM
Topical term or geographic name as entry element Contract
Form subdivision Cases
Geographic subdivision Great Britain
942 ## - ADDED ENTRY ELEMENTS (KOHA)
Source of classification or shelving scheme Library of Congress Classification
Koha item type General Collection
Edition 13th ed.
Classification part KD1554
Call number prefix .A7S55 2015
Holdings
Withdrawn status Lost status Source of classification or shelving scheme Not for loan Home library Current library Shelving location Date acquired Cost, normal purchase price Total Checkouts Full call number Barcode Date last seen Date last checked out Copy number Price effective from Koha item type
    Library of Congress Classification   Kabarak, Main Campus Kabarak, Main Campus General Stacks 19/02/2016 9500.00 13 KD1554 .A7S55 2015 C.1 021311 22/07/2024 22/07/2024 C.1 19/02/2016 General Collection
Designed with assistance from East African Informatics Ltd